00351nam a2200133Ia 45000030006000000080041000060400015000471000041000622450037001032500011001402600037001515460012001880050017002000STCL150530s9999 xx 000 0 und d aSTCLcSTCL aManning Aubrey; Dawkins Marian Stamp aIntroduction to animal behaviour aFourth bCambridge university pressc1997 aEnglish20220125170451.0